000 003350000a22000970004500
100 1 _aGutimanco, G. D.
245 1 0 _aRacismo en la Biblia : Un acercamiento bíblico-exegético a la segregación racial de los pueblos indoamericanos
300 _aVol. 11, Num. 1 (Junio, 1991), Páginas 19-25
773 0 _tVida y pensamiento
942 _cANA
999 _c53006
_d53006